Normal view MARC view

Entry Personal Name

Number of records used in: 2

001 - CONTROL NUMBER

  • control field: 67747

003 - CONTROL NUMBER IDENTIFIER

  • control field: dpl

005 - DATE AND TIME OF LATEST TRANSACTION

  • control field: 20240626123843.0

008 - FIXED-LENGTH DATA ELEMENTS

  • fixed length control field: 240626|| aca||aabn | a|a d

040 ## - CATALOGING SOURCE

  • Original cataloging agency: dpl
  • Transcribing agency: dpl

100 ## - HEADING--PERSONAL NAME

  • Personal name: Flintham, Thomas

670 ## - SOURCE DATA FOUND

  • Source citation: Work cat.: (dpl)203729: Flintham, Thomas, Press Start! Super Rabbit All- Stars!/, 2022

© Delhi Public Library
Hit Counter
free hit counter